Aviation mechanics

محفوظ في:
التفاصيل البيبلوغرافية
مؤلف مشترك: English Language services
التنسيق: كتاب
اللغة:Undetermined
منشور في: New York MacMillan 1966
الموضوعات:
الوسوم: إضافة وسم
لا توجد وسوم, كن أول من يضع وسما على هذه التسجيلة!
Thư viện lưu trữ: Trung tâm Học liệu Trường Đại học Cần Thơ
LEADER 00534nam a2200193Ia 4500
001 CTU_377
008 210402s9999 xx 000 0 und d
082 |a 428 
082 |b E58 
110 |a English Language services 
245 0 |a Aviation mechanics 
245 0 |c English Language services 
260 |a New York 
260 |b MacMillan 
260 |c 1966 
650 |a English language 
650 |x Study and teaching,Foreign speakers 
904 |i Minh, Qhieu sửa 
980 |a Trung tâm Học liệu Trường Đại học Cần Thơ